000 00471nam a2200181Ia 4500
005 20250326143742.0
008 250326s9999 xx 000 0 und d
037 _aTextbook
040 _aFMSL
_beng
_cFMSL
041 _aeng
_2eng
084 _qFMSL
100 _aBhalla V K
245 0 _aProtfolio analysis and management
_cBhalla V K
260 _aNew Delhi
_bNew Delhi, S Chand & Company
_c2002
300 _a660p
942 _cTB
999 _c1300871
_d1300871